000 00716nam a2200289Ia 4500
005 20260324143204.0
008 008 260324s9999 xx 000 0 eng d
020 _a9780203778838
037 _aEBOOK
040 _aCRL
040 _beng
040 _cCRL
041 _2eng
041 _aeng
084 _qCRL
100 _aTheo L. Dorpat; Michael L. Miller
_91214711
245 0 _aClinical Interaction and the Analysis of Meaning
245 2 _bA New Psychoanalytic Theory
260 _bTaylor and Francis
260 _c1992
365 _a
365 _b93.99
856 _uhttp://www.taylorfrancis.com/books/9780203778838
942 _cEBOOK
999 _c1819817
_d1819817